书目信息 |
| 题名: |
海河口生物资源与环境
|
|
| 作者: | 乔秀亭, 主编 | |
| 分册: | ||
| 出版信息: | 北京 中国农业出版社 2018.12 |
|
| 页数: | 302页 | |
| 开本: | 27cm | |
| 丛书名: | 中国河口海湾水生生物资源与环境出版工程 | |
| 单 册: | ||
| 中图分类: | Q-92 | |
| 科图分类: | ||
| 主题词: | ||
| 电子资源: | ||
| ISBN: | 978-7-109-24751-2 | |
| 000 | 01246nam 2200289 450 | |
| 001 | 202019134648 | |
| 005 | 20191002113834.0 | |
| 010 | @a978-7-109-24751-2@b精装@dCNY128.00 | |
| 100 | @a20190930d2018 em y0chiy50 ea | |
| 101 | 0 | @achi |
| 102 | @aCN@b110000 | |
| 105 | @aak a 000yy | |
| 106 | @ar | |
| 200 | 1 | @a海河口生物资源与环境@Ahai he kou sheng wu zi yuan yu huan jing@f乔秀亭主编 |
| 210 | @a北京@c中国农业出版社@d2018.12 | |
| 215 | @a302页@c图@d27cm | |
| 225 | 2 | @a中国河口海湾水生生物资源与环境出版工程@Azhong guo he kou hai wan shui sheng sheng wu zi yuan yu huan jing chu ban gong cheng |
| 300 | @a国家出版基金项目 “十三五”国家重点图书出版规划项目 | |
| 314 | @a乔秀亭, 男, 1965年生, 天津静海人, 硕士, 天津农学院水产学院院长。 | |
| 320 | @a有书目 (第298-302页) | |
| 330 | @a本书依据2010-2015年相关研究成果, 总结并阐述了海河口生物资源与环境的现状及恢复行为。全书共五章, 内容包括: 海河口自然条件、海河口水域环境、海河口生物资源、海河口环境影响及其评价等。 | |
| 410 | 0 | @12001 @a中国河口海湾水生生物资源与环境出版工程 |
| 607 | @a海河@Ahai he@x河口@x生物资源@x生态环境@x研究 | |
| 690 | @aQ-92@v5 | |
| 701 | 0 | @a乔秀亭,@Aqiao xiu ting@f1965-@4主编 |
| 801 | 0 | @aCN@c20190905 |
| 905 | @a河南城建学院图书馆@dQ-92@eQ338 | |
| 海河口生物资源与环境/乔秀亭主编.-北京:中国农业出版社,2018.12 |
| 302页:图;27cm.-(中国河口海湾水生生物资源与环境出版工程) |
| 国家出版基金项目 “十三五”国家重点图书出版规划项目 |
| ISBN 978-7-109-24751-2(精装):CNY128.00 |
| 本书依据2010-2015年相关研究成果, 总结并阐述了海河口生物资源与环境的现状及恢复行为。全书共五章, 内容包括: 海河口自然条件、海河口水域环境、海河口生物资源、海河口环境影响及其评价等。 |
| ● |
| 相关链接 |
|
|
|
正题名:海河口生物资源与环境
索取号:Q-92/Q338
 
预约/预借
| 序号 | 登录号 | 条形码 | 馆藏地/架位号 | 状态 | 备注 |
| 1 | 1442755 | 214427556 | 自科库401/401自科库 24排2列5层/ [索取号:Q-92/Q338] | 在馆 |